| Tag |
First Indicator |
Second Indicator |
Subfields |
| LEADER |
00000cam a2200000 a 4500 |
| 001 |
in00000069362 |
| 005 |
20151008053341.0 |
| 008 |
790523s1979 nyu j 00011 engm |
| 010 |
|
|
|a 79050670
|
| 020 |
|
|
|a 0440066565
|
| 020 |
|
|
|a 0440066573 (lib. bdg.)
|
| 035 |
|
|
|a (OCoLC)05100921
|
| 035 |
|
|
|9 AAH7134AM
|
| 040 |
|
|
|a DLC
|c DLC
|d m.c.
|d TXA
|d UtOrBLW
|
| 049 |
|
|
|a [Curr Col] TXAM
|c [1272509]
|
| 050 |
0 |
0 |
|a PZ7.G17943
|b Ni
|
| 082 |
0 |
|
|a [Fic]
|
| 090 |
|
|
|a PZ7 G17943
|b Ni 1981
|
| 100 |
1 |
|
|a Garfield, Leon.
|
| 240 |
1 |
0 |
|a Bostock and Harris
|
| 245 |
1 |
4 |
|a The night of the comet :
|b a comedy of courtship featuring Bostock and Harris /
|c Leon Garfield.
|
| 264 |
|
1 |
|a New York :
|b Delacorte Press,
|c [1979]
|
| 264 |
|
3 |
|c 1981 printing
|
| 264 |
|
4 |
|c ©1979
|
| 300 |
|
|
|a 149 pages ;
|c 24 cm.
|
| 336 |
|
|
|a text
|b txt
|2 rdacontent
|
| 337 |
|
|
|a unmediated
|b n
|2 rdamedia
|
| 338 |
|
|
|a volume
|b nc
|2 rdacarrier
|
| 500 |
|
|
|a Originally published under title: Bostock and Harris.
|
| 520 |
|
|
|a Harris offers Bostock the affections of his sister in exchange for the brass telescope of Bostock's father and starts a string of misunderstandings about who is courting whom in Brighton.
|
| 650 |
|
1 |
|a Courtship
|x Fiction.
|
| 650 |
|
1 |
|a Friendship
|x Fiction.
|
| 650 |
|
1 |
|a Humorous stories.
|
| 730 |
0 |
|
|a Bostoch and Harris.
|
| 999 |
|
|
|a MARS
|
| 999 |
f |
f |
|s f31f6ca4-bc0f-3e26-8cbf-2a8c940bd9ff
|i 850d93fc-9f78-3242-b468-b2a8641782e5
|t 0
|
| 952 |
f |
f |
|p normal
|a Texas A&M University
|b College Station
|c Sterling C. Evans Library
|d Evans: Library Stacks
|t 0
|e PZ7 G17943 Ni 1981
|h Library of Congress classification
|i unmediated -- volume
|m A14806049033
|
| 998 |
f |
f |
|a PZ7 G17943 Ni 1981
|t 0
|l Evans: Library Stacks
|